China: Flags of the Provinces in the National Games - Statistics

General Stats
  • This quiz has been taken 24 times
  • The average score is 22 of 33
Answer Stats
Picture Answer % Correct
Hong Kong
100%
Macau
93%
Xinjiang
87%
Shaanxi
80%
Sichuan
80%
Tibet
80%
Beijing
73%
Hebei
73%
Henan
73%
Hubei
73%
Inner Mongolia
73%
Qinghai
73%
Chongqing
67%
Guangdong
67%
Guizhou
67%
Hunan
67%
Jiangsu
67%
Jiangxi
67%
Shandong
67%
Shanghai
67%
Shanxi
67%
Anhui
60%
Fujian
60%
Hainan
60%
Yunnan
60%
Zhejiang
60%
Gansu
53%
Guangxi
53%
Heilongjiang
53%
Jilin
53%
Ningxia
53%
Tianjin
53%
Liaoning
47%
No matching quizzes found
Score Distribution
Percent of People with Each Score
Percentile by Number Answered
Your Score History
You have not taken this quiz